Visualizzazione normale
Vista MARC
- Berardi M. Rosaria
di Personal Name
Records bibliografici associati: 1
001 - CONTROL NUMBER
- control field: 15294
003 - CONTROL NUMBER IDENTIFIER
- control field: IT-RoPau
005 - DATE AND TIME OF LATEST TRANSACTION
- control field: 20140304152309.0
008 - FIXED-LENGTH DATA ELEMENTS
- fixed length control field: 140304|| aca||aabn | a|a d
040 ## - CATALOGING SOURCE
- Original cataloging agency: IT-RoPau
- Transcribing agency: IT-RoPau
100 ## - HEADING--PERSONAL NAME
- Personal name: Berardi M. Rosaria
- Relator term: Autore testo e musica
- Miscellaneous information: Codice autore testo/musica SPICS: 9319
670 ## - SOURCE DATA FOUND
- Source citation: Work cat.: (IT-RoPau)101272: Palestrina Giovanni Pierluigi da 15291, Serie liturgica-Matrimonio